| 000 | 01640cab a2200253 4500 | ||
|---|---|---|---|
| 001 | Z3334 | ||
| 008 | 090401t1993 xxu||||| |||| 00| 0 eng d | ||
| 035 | _a(Sirsi) u52487 | ||
| 041 | _aeng | ||
| 245 | _aRPH Ltd v Mirror Group (Holdings) Ltd and others | ||
| 260 | _c1993 | ||
| 350 | _a0 | ||
| 490 |
_aEstates Gazette _v1993 13 EG 113-115(3) |
||
| 520 | _aChD 28 October 1992. Raises question of whether original tenant R is entitled to orders against administrator of insolvent assignee requiring assignment or enforcement of covenant by insolvent assignee to payment. The lease on Orbit House has been assigned three times. M has paid no rent since Christmas 1991. Landlord Robert Maxwell Estates Ltd (RME) has issued writ to R to pay rent arrears. The underlease being registered land under the Land Registration Act 1925 implied a covenant under s24(1)(b) upon transferee at each assignment to pay the rent. R requested firstly that the administrators of MGH should assign the benefit of MG Newspaper`s covenant with MGH to pay rent to R, secondly an order directing the administrators of MGH to bring proceedings against MG Newspapers requiring it to pay rent to the landlord. R also applied for leave under s11 of the Insolvency act 1986 to commence proceedings against MGH claiming as relief an order that it institute against MG Newspapers such p | ||
| 650 | _aCOVENANT | ||
| 650 |
_aInsolvency _96247 |
||
| 650 | _aLEASES | ||
| 650 | _aMIRROR GROUP NEWSPAPERS | ||
| 650 | _aORIGINAL TENANT | ||
| 650 | _aPRIVITY OF CONTRACT | ||
| 690 | _aLANDLORD AND TENANT-BUSINESS TENANCIES | ||
| 942 | _n0 | ||
| 948 | _c04/03/1997 | ||
| 999 |
_c32500 _d32500 |
||